Movies Quiz

Random Movies Quiz
Score 0/9 Timer 05:00
0 Plays Today
% Correct
King Theoden
96%
Elrond
96%
Faramir
92%
Galadriel
92%
Eomer
84%
Eowyn
80%
Arwen
72%
Bilbo Baggins
24%
Smeagol
20%
Remove Ads.
Support Sporcle.
Get the best of Sporcle when you Go Orange. This ad-free experience offers more features, more stats, and more fun while also helping to support Sporcle. Thank you for becoming a member.

You're not logged in!

Compare scores with friends on all Sporcle quizzes.
OR
Log In

Show Comments

Extras

Created Jul 4, 2012ReportNominate
Tags:Ally, Fellowship, Ring, The Ring

Top Quizzes Today


Score Distribution

Your Account Isn't Verified!

In order to create a playlist on Sporcle, you need to verify the email address you used during registration. Go to your Sporcle Settings to finish the process.

Report this User

Report this user for behavior that violates our Community Guidelines.

Details: